دراسة عن جدوى إنضمام المشروعات الصغيرة بالبورصة المصرية /

تعد مشكلة البطالة من أهم المشكال التي تواجه المجتمع المصري، حيث أخذت هذه المشكلة تتصاعد بصورة كبيرة منذ منتصف السبعينيات وحتى الآن. ويناقش هذا العمل البطالة وشوق العمل المصري وآثار التغلب على هذه المشكلة....

全面介绍

Saved in:
书目详细资料
主要作者: الذاكر، هانى مسعد أحمد
其他作者: الشربيني، أيمان أحمد، (مشرف.)
格式: 图书
语言:阿拉伯语
出版: القاهرة : معهد التخطيط القومي، 2007.
主题:
标签: 添加标签
没有标签, 成为第一个标记此记录!

MARC

LEADER 00000nam a22000007a 4500
003 INP
005 20181126142719.0
008 180118s2007 ua |||frb || 001 0 ara d
952 |0 0  |1 0  |4 0  |6 338_700000000000000_ه_د  |7 0  |8 DR  |9 11345  |a INP  |b INP  |c MAIN  |d 2018-06-12  |l 0  |o 338.7 ه د  |p 012089  |r 2022-03-28 00:00:00  |w 2018-06-12  |y DP  |0 0  |0 0 
999 |c 10918  |d 10918 
040 |a EG-INP  |b ara  |c EG-INP 
082 0 4 |a 338.7  |b ه د  |2 21 
100 1 |a الذاكر، هانى مسعد أحمد. 
245 1 0 |a دراسة عن جدوى إنضمام المشروعات الصغيرة بالبورصة المصرية /   |c هانى مسعد أحمد الذاكر ؛ إِشراف أيمان أحمد الشربيني. 
260 |a القاهرة :   |b معهد التخطيط القومي،   |c 2007. 
300 |a ترقيم متعدد ؛   |c 27 سم. 
520 |a تعد مشكلة البطالة من أهم المشكال التي تواجه المجتمع المصري، حيث أخذت هذه المشكلة تتصاعد بصورة كبيرة منذ منتصف السبعينيات وحتى الآن. ويناقش هذا العمل البطالة وشوق العمل المصري وآثار التغلب على هذه المشكلة. 
650 7 |a الرقابة الصناعية.  |2 qrmak 
650 7 |a جودة الانتاج.  |2 qrmak 
650 7 |a مراقبة الإنتاج.  |2 qrmak 
700 1 |a الشربيني، أيمان أحمد،   |e مشرف. 
901 |a EGPV2 
903 |a original 
942 |2 ddc  |c DP